[Event "Titled Tuesday intern op 05th Mar Early"]
[Site "Chess.com INT"]
[Date "2024.03.05"]
[Round "3"]
[White "Herman, Daniel"]
[Black "Peiris, TSS"]
[Result "1-0"]
[WhiteElo "1956"]
[BlackElo "1886"]
[PlyCount "99"]
[EventDate "2024.03.05"]
[EventType "swiss (blitz)"]
[EventRounds "11"]
[EventCountry "USA"]
[SourceTitle "EXT 2025"]
[Source "ChessBase"]
[SourceDate "2024.10.14"]
[SourceVersion "1"]
[SourceVersionDate "2024.10.14"]
[SourceQuality "1"]

1. d4 Nf6 2. c4 e6 3. Nc3 d5 4. cxd5 exd5 5. Bg5 Be7 6. e3 0-0 7. Bd3 c6 8. Qc2 h6 9. Bh4 Nbd7 10. Nge2 Re8 11. 0-0 Nf8 12. Rae1 Be6 13. f3 Rc8 14. Bf2 c5 15. dxc5 Bxc5 16. Qd2 a6 17. Rd1 b5 18. Bb1 Qb6 19. Nd4 Red8 20. Nce2 N8d7 21. Nf4 Ne5 22. b3 Bd7 23. Bg3 Nc6 24. Nfe2 Re8 25. Rc1 Re7 26. Bh4 Rce8 27. Bxf6 gxf6 28. Qd3 f5 29. Nxf5 Bxf5 30. Qxf5 Bxe3+ 31. Kh1 Re6 32. Qh7+ Kf8 33. Rcd1 Bg5 34. Ng3 d4 35. Nf5 Rg6 36. h4 Nb4 37. hxg5 hxg5 38. Qh8+ Rg8 39. Qh6+ Qxh6+ 40. Nxh6 Rh8 41. Kg1 Rxh6 42. a3 Nc6 43. Be4 Rf6 44. Rc1 Ne5 45. Rfd1 d3 46. Bxd3 Nxd3 47. Rxd3 Rfe6 48. Rd2 Re3 49. Rb1 Rc3 50. Kf2 1-0

[Event "Titled Tuesday intern op 05th Mar Early"]
[Site "Chess.com INT"]
[Date "2024.03.05"]
[Round "1"]
[White "Peiris, TSS"]
[Black "Klabis, Rokas"]
[Result "0-1"]
[WhiteElo "1886"]
[BlackElo "2410"]
[PlyCount "74"]
[EventDate "2024.03.05"]
[EventType "swiss (blitz)"]
[EventRounds "11"]
[EventCountry "USA"]
[SourceTitle "EXT 2025"]
[Source "ChessBase"]
[SourceDate "2024.10.14"]
[SourceVersion "1"]
[SourceVersionDate "2024.10.14"]
[SourceQuality "1"]

1. e4 e5 2. Nf3 Nc6 3. Bb5 Nge7 4. 0-0 g6 5. c3 a6 6. Ba4 Bg7 7. d4 exd4 8. cxd4 b5 9. Bc2 0-0 10. Nc3 d5 11. exd5 Nxd5 12. Be4 Be6 13. Bg5 Qd7 14. Rc1 Rfe8 15. h3 Rac8 16. Bh4 h6 17. Nxd5 Bxd5 18. Bxd5 Qxd5 19. Rc5 Qd7 20. Bg3 Nxd4 21. Nxd4 Qxd4 22. Qc2 Qxb2 23. Qxb2 Bxb2 24. Rc6 Bd4 25. Rxa6 c5 26. Rb6 b4 27. Rb5 Re2 28. Rc1 Rxa2 29. Rxb4 cxb4 30. Rxc8+ Kg7 31. Rb8 Rb2 32. h4 b3 33. Rb4 Rb1+ 34. Kh2 Bf6 35. h5 b2 36. hxg6 Kxg6 37. Rb6 Re1 0-1

[Event "Titled Tuesday intern op 27th Feb Early"]
[Site "Chess.com INT"]
[Date "2024.02.27"]
[Round "1"]
[White "Peiris, TSS"]
[Black "Martin Fuentes, Alberto"]
[Result "0-1"]
[WhiteElo "1843"]
[BlackElo "2369"]
[PlyCount "128"]
[EventDate "2024.02.27"]
[EventType "swiss (blitz)"]
[EventRounds "11"]
[EventCountry "USA"]
[SourceTitle "EXT 2025"]
[Source "ChessBase"]
[SourceDate "2024.10.14"]
[SourceVersion "1"]
[SourceVersionDate "2024.10.14"]
[SourceQuality "1"]

1. e4 e6 2. d4 d5 3. Nd2 Be7 4. c3 c5 5. Ngf3 Nc6 6. Bb5 cxd4 7. cxd4 Qb6 8. Bxc6+ bxc6 9. 0-0 Nf6 10. e5 Nd7 11. Nb3 0-0 12. Be3 a5 13. Rb1 a4 14. Nbd2 c5 15. Re1 Ba6 16. Nf1 cxd4 17. Bxd4 Bc5 18. Ng3 Bxd4 19. Nxd4 Nc5 20. Qd2 Bd3 21. Rbc1 Bg6 22. Qe3 Nd3 23. Rc6 Qxb2 24. Rd1 Qxa2 25. Rxd3 Bxd3 26. Qxd3 Qa1+ 27. Nf1 a3 28. Nb3 Qb2 29. Rc2 Qb1 30. Nbd2 a2 31. Nxb1 axb1Q 32. Qd2 Ra1 33. Qe2 h6 34. h3 Rb8 35. g4 Qd1 36. Kg2 Qxe2 37. Rxe2 Rba8 38. Ng3 R8a2 39. Re3 Rb1 40. Rc3 Rbb2 41. Rf3 Ra1 42. Nh5 Re1 43. Rc3 Rxe5 44. Rc8+ Kh7 45. Rc7 Rxh5 46. gxh5 f6 47. Re7 e5 48. Rd7 d4 49. Kf3 Rb3+ 50. Kg2 Kg8 51. Rd8+ Kf7 52. Rd7+ Kf8 53. Rd8+ Ke7 54. Rg8 Kf7 55. Rd8 Rb7 56. Rd6 Ke7 57. Rd5 Rd7 58. Rc5 Ke6 59. Rc1 Kf5 60. Kf3 Kg5 61. Rg1+ Kxh5 62. Ke4 d3 63. Rd1 d2 64. Ke3 Kh4 0-1

[Event "Titled Tuesday intern op 30th Jan Early"]
[Site "Chess.com INT"]
[Date "2024.01.30"]
[Round "7"]
[White "Erzhanov, Arman"]
[Black "Peiris, TSS"]
[Result "1-0"]
[WhiteElo "2156"]
[BlackElo "1843"]
[PlyCount "117"]
[EventDate "2024.01.30"]
[EventType "swiss (blitz)"]
[EventRounds "11"]
[EventCountry "USA"]
[SourceTitle "EXT 2025"]
[Source "ChessBase"]
[SourceDate "2024.10.14"]
[SourceVersion "1"]
[SourceVersionDate "2024.10.14"]
[SourceQuality "1"]

1. e4 c6 2. d4 d5 3. exd5 cxd5 4. Bd3 Nf6 5. h3 Nc6 6. c3 e5 7. dxe5 Nxe5 8. Nf3 Nxd3+ 9. Qxd3 Bd6 10. 0-0 0-0 11. Bg5 Be6 12. Nbd2 h6 13. Bh4 Be7 14. Rfe1 Qc7 15. Rad1 Rad8 16. Nd4 Qb6 17. N2b3 Rfe8 18. Re3 Ne4 19. Bxe7 Rxe7 20. Rde1 Red7 21. f3 Nf6 22. Kh1 Rd6 23. Nxe6 Rxe6 24. Rxe6 fxe6 25. Qg6 Re8 26. Nd4 Qd6 27. Re2 Qd7 28. Qg3 Qf7 29. Qe5 Nd7 30. Qd6 Nf8 31. a4 Kh8 32. a5 a6 33. Qb6 e5 34. Nb3 Ng6 35. Nc5 Nf4 36. Rf2 Ne6 37. Qxb7 Re7 38. Qxd5 Nxc5 39. Qxc5 Qf6 40. Rd2 Re6 41. Qd5 Qg6 42. Qa8+ Kh7 43. Qe4 h5 44. Kg1 Kh6 45. Qxg6+ Rxg6 46. Rd5 Re6 47. Kf2 Kg6 48. Ke3 Kf6 49. Rd7 g6 50. Rb7 g5 51. Rb6 Kf5 52. Rxe6 Kxe6 53. Ke4 Kd6 54. b4 Kc6 55. c4 Kd6 56. b5 axb5 57. cxb5 Kc5 58. b6 Kc6 59. Kxe5 1-0

[Event "Titled Tuesday intern op 30th Jan Early"]
[Site "Chess.com INT"]
[Date "2024.01.30"]
[Round "9"]
[White "Reprintsev, Alexander"]
[Black "Peiris, TSS"]
[Result "1-0"]
[WhiteElo "2234"]
[BlackElo "1843"]
[PlyCount "41"]
[EventDate "2024.01.30"]
[EventType "swiss (blitz)"]
[EventRounds "11"]
[EventCountry "USA"]
[SourceTitle "EXT 2025"]
[Source "ChessBase"]
[SourceDate "2024.10.14"]
[SourceVersion "1"]
[SourceVersionDate "2024.10.14"]
[SourceQuality "1"]

1. e4 c6 2. Nc3 d5 3. Nf3 Bg4 4. h3 Bxf3 5. Qxf3 e6 6. b3 Nf6 7. e5 Nfd7 8. Qg3 Qc7 9. f4 g6 10. h4 h5 11. Bb2 Bg7 12. 0-0-0 b5 13. Bd3 Nf8 14. Rde1 a5 15. f5 exf5 16. Bxf5 a4 17. Bh3 axb3 18. axb3 Na6 19. Rhf1 Nb4 20. Qf4 Ne6 21. Qxb4 1-0

[Event "Titled Tuesday intern op 23rd Jan Early"]
[Site "Chess.com INT"]
[Date "2024.01.23"]
[Round "3"]
[White "Mazurkiewicz, Michal"]
[Black "Peiris, TSS"]
[Result "1-0"]
[WhiteElo "2145"]
[BlackElo "1843"]
[PlyCount "57"]
[EventDate "2024.01.23"]
[EventType "swiss (blitz)"]
[EventRounds "11"]
[EventCountry "USA"]
[SourceTitle "EXT 2025"]
[Source "ChessBase"]
[SourceDate "2024.10.14"]
[SourceVersion "1"]
[SourceVersionDate "2024.10.14"]
[SourceQuality "1"]

1. e4 c6 2. d3 d5 3. Nd2 dxe4 4. dxe4 Nd7 5. Ngf3 Ngf6 6. e5 Nd5 7. c4 N5b6 8. Be2 e6 9. b3 Be7 10. 0-0 0-0 11. Ne4 Qc7 12. Bb2 Rd8 13. Nd6 Nf8 14. Qd4 c5 15. Qg4 Ng6 16. Nb5 Qc6 17. h4 Bd7 18. h5 Nf8 19. Ng5 h6 20. Bf3 Qc8 21. Ne4 Bc6 22. Nbd6 Qc7 23. Nf6+ Bxf6 24. exf6 g6 25. hxg6 Nxg6 26. Ne4 Nd7 27. Qh5 Bxe4 28. Qxh6 Nxf6 29. Bxf6 1-0

[Event "Titled Tuesday intern op 02nd Jan Early"]
[Site "Chess.com INT"]
[Date "2024.01.02"]
[Round "2"]
[White "Goncalves, Davi Sulzbacher"]
[Black "Peiris, TSS"]
[Result "1-0"]
[WhiteElo "2284"]
[BlackElo "1843"]
[PlyCount "59"]
[EventDate "2024.01.02"]
[EventType "swiss (blitz)"]
[EventRounds "11"]
[EventCountry "USA"]
[SourceTitle "EXT 2025"]
[Source "ChessBase"]
[SourceDate "2024.10.14"]
[SourceVersion "1"]
[SourceVersionDate "2024.10.14"]
[SourceQuality "1"]

1. e4 e6 2. d4 d5 3. Nc3 a6 4. Nf3 Nf6 5. Bg5 Be7 6. e5 Nfd7 7. h4 h6 8. Be3 c5 9. Qd2 Nc6 10. 0-0-0 c4 11. Ne2 b5 12. Nf4 b4 13. g4 Qa5 14. Kb1 Qb6 15. Bxc4 dxc4 16. d5 Nc5 17. d6 c3 18. Qe2 Bd8 19. Qc4 Qb5 20. Qxb5 axb5 21. Bxc5 Bd7 22. b3 Ba5 23. Rhe1 0-0 24. Nd4 Nxd4 25. Rxd4 Rfc8 26. Bxb4 Bb6 27. Rd3 Bxf2 28. Rh1 Ra7 29. g5 Rca8 30. a3 1-0